[Event "Challenge"]
[Site "http://www.queenalice.com/game.php?id=712891"]
[Date "2010.1.13"]
[Round "-"]
[White "widdlytinks"]
[Black "charles31"]
[Result "0-1"]
[WhiteElo "1654"]
[BlackElo "1844"]

1. e4 e5 2. Nf3 d6 3. d4 exd4 4. Nxd4 h6 5. Bc4 Nf6 6. Nc3 a6 7. O-O c5 8. Bxf7+
Kxf7 9. Re1 cxd4 10. Nd5 Nc6 11. e5 Nxd5 12. f4 Bf5 13. g4 Bh7 14. e6+ Ke7 15.
f5 Nf6 16. b3 g5 17. Bb2 h5 18. Bxd4 hxg4 0-1

[Event "Challenge"]
[Site "http://www.queenalice.com/game.php?id=712892"]
[Date "2010.1.13"]
[Round "-"]
[White "charles31"]
[Black "widdlytinks"]
[Result "0-1"]
[WhiteElo "1731"]
[BlackElo "1640"]

1. e4 e5 2. Nf3 Nf6 3. a3 c5 4. Bb5 a6 5. Ba4 b5 6. Bb3 Nc6 7. d3 d5 8. exd5 Nd4
9. Nxd4 cxd4 10. Bg5 Be7 11. h3 Bb7 12. Bxf6 Bxf6 13. Qf3 O-O 14. c3 Qa5 15. Bc2
Rfd8 16. b4 Qc7 17. Bb3 dxc3 18. O-O a5 19. bxa5 Qxa5 20. Bc2 Bxd5 21. Qe2 Re8
22. f3 Bh4 23. Kh2 Qc7 24. a4 e4+ 25. Kg1 exf3 26. Qd1 fxg2 27. d4 gxf1=Q+ 28.
Qxf1 Qg3+ 0-1

[Event "Let's Play Chess!"]
[Site "http://www.queenalice.com/game.php?id=730483"]
[Date "2010.2.12"]
[Round "-"]
[White "widdlytinks"]
[Black "Je"]
[Result "1-0"]
[WhiteElo "1673"]
[BlackElo "1442"]

1. e4 d5 2. exd5 Qxd5 3. Nc3 Qd6 4. Nf3 Bf5 5. d3 Nc6 6. Be3 e5 7. Qd2 Nf6 8.
O-O-O Be7 9. Nb5 O-O 10. h3 e4 11. Nxd6 cxd6 12. dxe4 Bg6 13. Bd3 Bxe4 14. Bxe4
Nxe4 15. Qe1 a5 16. Nd2 Nf6 17. Bg5 Ne5 18. Bxf6 Bxf6 19. f4 Nc6 20. Ne4 Bd4 21.
Nxd6 Rab8 22. g4 b5 23. Rh2 1-0

[Event "Let's Play Chess!"]
[Site "http://www.queenalice.com/game.php?id=730484"]
[Date "2010.2.12"]
[Round "-"]
[White "Je"]
[Black "widdlytinks"]
[Result "0-1"]
[WhiteElo "1570"]
[BlackElo "1660"]

1. Nc3 e5 2. Nf3 Nc6 3. e4 Nf6 4. Bc4 d6 5. Ng5 Be6 6. Bxe6 fxe6 7. Nxe6 Qd7 8.
Ng5 O-O-O 9. Qe2 Nd4 10. Qc4 Nxc2+ 11. Ke2 Nxa1 12. d3 Qg4+ 13. f3 Qxg2+ 14. Ke3
Qxg5+ 15. Ke2 Qg2+ 16. Ke3 Qxh1 17. Nb5 Qe1# 0-1

[Event "Challenge"]
[Site "http://www.queenalice.com/game.php?id=731103"]
[Date "2010.2.13"]
[Round "-"]
[White "widdlytinks"]
[Black "digger"]
[Result "0-1"]
[WhiteElo "1674"]
[BlackElo "1631"]

1. e4 e5 2. Nf3 Nc6 3. Bb5 Qf6 4. Bxc6 Qxc6 5. d3 Bb4+ 6. c3 Bc5 7. Nxe5 Qe6 8.
d4 Bd6 9. Nf3 Qg4 10. O-O Ne7 11. e5 Bxe5 12. Nxe5 Qe6 13. Re1 d6 14. Nd3 Qg6
15. Qe2 Qf6 16. Nf4 O-O 17. Nh5 Qe6 18. Bg5 Qxe2 19. Rxe2 Nc6 20. Nd2 Bg4 21.
Nf6+ gxf6 22. Re3 fxg5 23. Rg3 f5 24. h3 f4 25. Rxg4 h6 26. Re1 Rae8 27. Kf1
Rxe1+ 28. Kxe1 d5 29. h4 Rf5 30. Nf3 Kh7 31. hxg5 h5 32. g6+ Kg7 33. Rh4 Kxg6
34. Kd2 a5 35. Rh1 b5 36. Re1 Rf6 37. Nh4+ Kg5 38. Nf3+ Kh6 39. g3 Rg6 40. Ne5
Nxe5 41. Rxe5 fxg3 42. fxg3 Rxg3 43. Rxd5 Rg5 44. Re5 Kg6 45. Re6+ Kf5 46. Re5+
Kf6 47. Rxg5 Kxg5 48. Ke2 h4 49. Kf3 h3 50. Kg3 Kf5 51. Kxh3 Ke4 0-1

[Event "Challenge"]
[Site "http://www.queenalice.com/game.php?id=731105"]
[Date "2010.2.13"]
[Round "-"]
[White "digger"]
[Black "widdlytinks"]
[Result "0-1"]
[WhiteElo "1582"]
[BlackElo "1687"]

1. d4 d5 2. e3 Nf6 3. Nf3 Bg4 4. h3 Bxf3 5. gxf3 e6 6. f4 Ne4 7. Bd3 Nd6 8. c3
Nc6 9. Qa4 Be7 10. b4 Nc4 11. Bxc4 dxc4 12. b5 Nxd4 13. cxd4 O-O 14. Qxc4 a6 15.
bxa6 Rxa6 16. a4 Rc6 17. Qxc6 bxc6 18. Bb2 Bb4+ 19. Bc3 Qd6 20. Bxb4 Qxb4+ 21.
Nd2 Ra8 22. Rb1 Qa5 23. Ke2 Qxa4 24. Ra1 Qb5+ 25. Kf3 Rd8 26. Rhe1 Qd5+ 27. Kg3
g5 28. Nf3 f6 29. Rac1 h5 30. Rc5 h4+ 31. Kg4 f5+ 32. Kh5 Qxf3+ 33. Kxg5 Kf7 34.
Rg1 Rg8+ 35. Kxh4 Rh8+ 36. Kg5 Qh5# 0-1

[Event "Challenge"]
[Site "http://www.queenalice.com/game.php?id=732036"]
[Date "2010.2.14"]
[Round "-"]
[White "Mamonas"]
[Black "widdlytinks"]
[Result "1-0"]
[WhiteElo "1534"]
[BlackElo "1693"]

1. e4 e5 2. Nf3 Nf6 3. d4 Nxe4 4. dxe5 Bc5 5. Be3 Bxe3 6. fxe3 d6 7. c3 O-O 8.
b4 Bg4 9. Bd3 Bxf3 10. Qxf3 d5 11. c4 dxc4 12. Bxe4 c6 13. b5 Qa5+ 14. Nd2 Rd8
15. Rd1 c3 16. Nc4 Qxa2 17. Rxd8# 1-0

[Event "Let's Play Chess!"]
[Site "http://www.queenalice.com/game.php?id=732572"]
[Date "2010.2.16"]
[Round "-"]
[White "widdlytinks"]
[Black "Killersugus"]
[Result "0-1"]
[WhiteElo "1680"]
[BlackElo "1913"]

1. e4 e6 2. Nf3 b6 3. d4 Bb7 4. e5 d6 5. c4 Nd7 6. exd6 cxd6 7. Nc3 Ngf6 8. Bg5
Be7 9. Bd3 h6 10. Bh4 O-O 11. O-O d5 12. cxd5 Nxd5 13. Bxe7 Qxe7 14. Nxd5 Bxd5
15. Ne5 Nxe5 16. dxe5 Rfd8 17. Qc2 Rac8 18. Bh7+ Kh8 19. Qd3 Qg5 20. f3 g6 21.
Bxg6 Qxg6 22. Qa3 Rc2 23. Rf2 Rxf2 24. Kxf2 Qc2+ 25. Kg3 Rg8+ 26. Kh3 Qxg2+ 0-1

[Event "Let's Play Chess!"]
[Site "http://www.queenalice.com/game.php?id=732573"]
[Date "2010.2.16"]
[Round "-"]
[White "massimo"]
[Black "widdlytinks"]
[Result "0-1"]
[WhiteElo "1793"]
[BlackElo "1688"]

1. e4 e5 2. Nf3 Nf6 3. Nc3 Nc6 4. Bb5 Nd4 5. Bc4 Bc5 6. Nxe5 O-O 7. O-O d6 8.
Nf3 Bg4 9. Be2 Nxe2+ 10. Qxe2 Re8 11. d3 h6 12. h3 Bh5 13. Na4 Re5 14. Bf4 Re7
15. c3 b5 16. Nxc5 dxc5 17. Qe3 Nd5 18. Qc1 Bxf3 19. gxf3 Nf6 20. Kh2 g5 21. Be3
Qxd3 22. Bxc5 Re6 23. Qd1 Qc4 24. Bd4 Rd8 25. b3 Qc6 26. Qe1 Nd5 27. exd5 Qd6+
28. Kg2 Rxe1 29. Raxe1 Qxd5 30. Re5 Qc6 31. b4 f6 32. Rf5 Rd5 33. Rxf6 Qc4 34.
Rxh6 Qd3 35. Re1 g4 36. hxg4 Qd2 37. Re7 Qxh6 38. Rg7+ Qxg7 39. Bxg7 Kxg7 40. f4
Rd2 41. f5 Rxa2 42. g5 Rc2 43. f6+ Kg6 44. Kg3 Rxc3+ 45. Kg4 Rc4+ 46. f4 Rxb4
47. Kf3 a5 48. f5+ Kf7 49. g6+ Kxf6 0-1

[Event "Let's Play Chess!"]
[Site "http://www.queenalice.com/game.php?id=740129"]
[Date "2010.3.3"]
[Round "-"]
[White "widdlytinks"]
[Black "marktwain"]
[Result "0-1"]
[WhiteElo "1694"]
[BlackElo "1952"]

1. e4 c5 2. Bc4 Nc6 3. Nc3 e6 4. d3 Nf6 5. a3 d5 6. exd5 exd5 7. Qe2+ Be7 8. Bb5
O-O 9. Bxc6 bxc6 10. Nf3 Re8 11. O-O Bd6 12. Qd2 d4 13. Ne2 Bg4 14. Ng5 Rxe2 15.
Qd1 Rxf2 16. Nf3 Bxf3 17. gxf3 Rxf1+ 18. Qxf1 Nd5 19. Qg2 Nf4 20. Bxf4 Bxf4 21.
Re1 Qa5 22. Re4 Qd2 23. Qxd2 Bxd2 24. Re5 Bc1 25. Rxc5 Bxb2 26. Rxc6 Bxa3 0-1

[Event "Let's Play Chess!"]
[Site "http://www.queenalice.com/game.php?id=740130"]
[Date "2010.3.3"]
[Round "-"]
[White "marktwain"]
[Black "widdlytinks"]
[Result "1-0"]
[WhiteElo "1968"]
[BlackElo "1699"]

1. e4 e5 2. Nf3 Nf6 3. Nc3 Bb4 4. Bc4 O-O 5. O-O Bxc3 6. bxc3 Nxe4 7. Re1 d5 8.
Bb3 Bg4 9. h3 Bxh3 10. gxh3 Nc6 11. Bb2 f5 12. d3 Ng5 13. Nxg5 Qxg5+ 14. Kf1
Rad8 15. Bc1 f4 16. Qg4 Qh6 17. c4 Rf6 18. cxd5 Ne7 19. d6+ Kf8 20. dxe7+ Kxe7
21. Rxe5+ Kf8 22. Ba3+ Rdd6 23. Qc8# 1-0

[Event "AUTO-INT-1628"]
[Site "http://www.queenalice.com/game.php?id=740535"]
[Date "2010.3.3"]
[Round "1"]
[White "ciceroeduardo"]
[Black "widdlytinks"]
[Result "1-0"]
[WhiteElo "1599"]
[BlackElo "1634"]

1. e4 e5 2. Nf3 Nf6 3. Nc3 Bb4 4. d3 d6 5. Bd2 Bg4 6. Be2 Bxc3 7. Bxc3 c5 8. O-O
Bxf3 9. Bxf3 Nc6 10. Qd2 Nd4 11. Bxd4 exd4 12. Rfe1 O-O 13. c3 dxc3 14. bxc3 b5
15. e5 1-0

[Event "AUTO-INT-1628"]
[Site "http://www.queenalice.com/game.php?id=740536"]
[Date "2010.3.3"]
[Round "1"]
[White "widdlytinks"]
[Black "ciceroeduardo"]
[Result "0-1"]
[WhiteElo "1617"]
[BlackElo "1616"]

1. e4 e5 2. Nf3 Nc6 3. d4 exd4 4. c3 dxc3 5. Nxc3 Nf6 6. Bb5 Bc5 7. O-O O-O 8.
Bxc6 bxc6 9. Qc2 Ba6 10. Re1 d5 11. Bg5 Be7 12. Rad1 Rb8 13. exd5 c5 14. Ne5 Bd6
0-1

[Event "AUTO-INT-1628"]
[Site "http://www.queenalice.com/game.php?id=740551"]
[Date "2010.3.3"]
[Round "1"]
[White "widdlytinks"]
[Black "robertson"]
[Result "0-1"]
[WhiteElo "1688"]
[BlackElo "1733"]

1. e4 e5 2. Nf3 Qe7 3. Nc3 Nf6 4. Bc4 h6 5. d4 exd4 6. Nxd4 a6 7. O-O Qe5 8. Nf3
Qc5 9. b3 d6 10. Be3 Qa5 11. e5 Ng4 12. exd6 Bxd6 13. Bd4 O-O 14. h3 Ne5 15.
Nxe5 Bxe5 16. Bxe5 Qxe5 17. Nd5 Nc6 18. Re1 Qg5 19. Kh2 Bd7 20. Nxc7 Qf4+ 21. g3
Qxc7 22. Bd5 Qb6 23. Qf3 Be8 24. Be4 Rd8 25. Bxc6 Bxc6 26. Qe3 Qc7 0-1

[Event "AUTO-INT-1628"]
[Site "http://www.queenalice.com/game.php?id=740552"]
[Date "2010.3.3"]
[Round "1"]
[White "robertson"]
[Black "widdlytinks"]
[Result "0-1"]
[WhiteElo "1696"]
[BlackElo "1657"]

1. Nh3 d5 2. Nf4 e5 3. Nd3 Nc6 4. e3 e4 5. Nf4 Bd6 6. Qh5 Nf6 7. Qe2 Bxf4 8.
exf4 Nd4 9. Qd1 Bg4 10. f3 exf3 11. Kf2 fxg2 12. Bxg2 Bxd1 13. Rxd1 Ng4+ 14. Kg1
Qh4 15. h3 Qf2+ 16. Kh1 Qg3 17. Re1+ Qxe1+ 0-1

[Event "AUTO-INT-1628"]
[Site "http://www.queenalice.com/game.php?id=740553"]
[Date "2010.3.3"]
[Round "1"]
[White "widdlytinks"]
[Black "Scooby_99"]
[Result "1-0"]
[WhiteElo "1675"]
[BlackElo "1586"]

1. e4 e5 2. Nf3 d6 3. d4 exd4 4. Nxd4 Nc6 5. Nxc6 bxc6 6. Bd3 Nf6 7. c4 Be7 8.
Nc3 c5 9. Nd5 Bb7 10. O-O Bxd5 11. exd5 Qd7 12. Bg5 h6 13. Bxf6 Bxf6 14. Re1+
Kf8 15. Rb1 g6 16. b3 Kg7 17. Re2 Qg4 18. h3 Qh5 19. Re3 Qh4 20. Re4 Qg5 21. Qg4
Qd2 22. Re3 Qxa2 23. Re2 Qa5 24. Rbe1 Qb4 25. Bxg6 fxg6 26. Qd7+ Kf8 27. Re8+
1-0

[Event "AUTO-INT-1628"]
[Site "http://www.queenalice.com/game.php?id=740554"]
[Date "2010.3.3"]
[Round "1"]
[White "Scooby_99"]
[Black "widdlytinks"]
[Result "1-0"]
[WhiteElo "1566"]
[BlackElo "1673"]

1. e4 e5 2. Bc4 Nf6 3. Nf3 Nxe4 4. O-O d6 5. d4 Be7 6. dxe5 Bg4 7. Qd5 O-O 8.
Qxe4 Bxf3 9. Qxf3 c6 10. e6 fxe6 11. Bxe6+ Kh8 12. Qh3 Rf6 13. Bg4 d5 14. Nc3
Na6 15. Bg5 Rg6 16. Bf5 Bxg5 17. Bxg6 h6 18. Rfe1 Bd2 19. Re8+ Qxe8 20. Bxe8 1-0

[Event "Challenge"]
[Site "http://www.queenalice.com/game.php?id=745025"]
[Date "2010.3.12"]
[Round "-"]
[White "Mamonas"]
[Black "widdlytinks"]
[Result "1-0"]
[WhiteElo "1620"]
[BlackElo "1708"]

1. d4 d5 2. Nc3 Nc6 3. e4 dxe4 4. d5 Nb4 5. a3 e6 6. axb4 Bxb4 7. Bd2 exd5 8.
Nxd5 Bxd2+ 9. Qxd2 c6 10. Nc3 Qxd2+ 11. Kxd2 Nf6 12. Re1 Bf5 13. f3 Rd8+ 14. Kc1
O-O 15. fxe4 Be6 16. e5 Ng4 17. Nh3 f5 18. Ng5 Rfe8 19. Nxe6 Rxe6 20. Bc4 1-0

[Event "Let's Play Chess!"]
[Site "http://www.queenalice.com/game.php?id=753282"]
[Date "2010.3.29"]
[Round "-"]
[White "widdlytinks"]
[Black "egs19690901"]
[Result "0-1"]
[WhiteElo "1601"]
[BlackElo "1570"]

1. e4 e5 2. Nf3 Bd6 3. b3 Nf6 4. Bb2 Nxe4 5. Nxe5 Qf6 6. Nf3 Qxb2 7. Nc3 Nxc3 8.
dxc3 Qxc3+ 9. Nd2 O-O 10. Be2 Bxh2 11. Rxh2 Nc6 12. Rh3 Qd4 13. Bd3 d6 14. Nf3
Qc3+ 15. Nd2 Bxh3 0-1

[Event "Let's Play Chess!"]
[Site "http://www.queenalice.com/game.php?id=753283"]
[Date "2010.3.29"]
[Round "-"]
[White "widdlytinks"]
[Black "adilson_camargo"]
[Result "0-1"]
[WhiteElo "1648"]
[BlackElo "1868"]

1. e4 e5 2. Nf3 d6 3. b3 Nf6 4. d3 h6 5. c4 c5 6. Bb2 Bg4 7. Be2 Nc6 8. Nbd2 a6
9. a4 Be7 10. Bc3 Qd7 11. h3 Bxf3 12. Bxf3 Bd8 13. b4 cxb4 14. Bb2 a5 15. Bg4
Nxg4 16. hxg4 O-O 17. Nf3 Bb6 18. g5 hxg5 19. d4 exd4 20. Bxd4 Bxd4 0-1

[Event "Let's Play Chess!"]
[Site "http://www.queenalice.com/game.php?id=753288"]
[Date "2010.3.29"]
[Round "-"]
[White "widdlytinks"]
[Black "adilson_camargo"]
[Result "0-1"]
[WhiteElo "1641"]
[BlackElo "1875"]

1. b3 d6 2. Bb2 e5 3. e4 Nf6 4. d3 Nc6 5. Nf3 Bg4 6. Be2 h6 7. c4 Ne7 8. Nbd2 c5
9. Nh4 Bxe2 10. Qxe2 Nc6 11. Nhf3 Be7 12. Nh4 Nxe4 13. Nxe4 Bxh4 14. O-O O-O 15.
g3 Be7 16. f4 exf4 17. Rxf4 d5 18. cxd5 Nb4 19. a3 Nxd5 20. Rf2 Re8 21. Qf3 Rf8
0-1

[Event "Let's Play Chess!"]
[Site "http://www.queenalice.com/game.php?id=753366"]
[Date "2010.3.29"]
[Round "-"]
[White "widdlytinks"]
[Black "adilson_camargo"]
[Result "0-1"]
[WhiteElo "1656"]
[BlackElo "1860"]

1. g3 e6 2. Bg2 d5 3. d4 c5 4. dxc5 Bxc5 5. e3 Nf6 6. Ne2 Nc6 7. c3 b5 8. b4 Bb6
9. Nd4 Nxd4 10. exd4 h6 11. O-O Bb7 12. Bf4 Rc8 13. Bh3 Ne4 14. Qf3 O-O 15. Qg4
Kh8 16. Qe2 Qe7 17. Bd2 a5 18. Qxb5 Qc7 19. f3 Nxd2 20. Nxd2 axb4 0-1